| 000 | 02077cam a22003494a 4500 | ||
|---|---|---|---|
| 001 | 14269916 | ||
| 005 | 20240311193734.0 | ||
| 008 | 060217s2006 kyu b 001 0 eng | ||
| 010 | _a 2006042058 | ||
| 020 | _a0664230636 (alk. paper) | ||
| 020 | _a9780664230630 (alk. paper) | ||
| 020 | _a9780664230630 | ||
| 035 | _a(OCoLC)ocm64453526 | ||
| 035 | _a(OCoLC)64453526 | ||
| 040 |
_aDLC _cDLC _dDLC |
||
| 042 | _apcc | ||
| 043 | _an-us--- | ||
| 100 | 1 | _aJoh, Wonhee Anne. | |
| 245 | 1 | 0 |
_aHeart of the Cross : _ba postcolonial christology / _cWonhee Anne Joh. |
| 250 | _a1st ed. | ||
| 260 |
_aLouisville, Ky. : _bWestminster John Knox Press, _cc2006. |
||
| 300 |
_axxvi, 164 p. ; _c23 cm. |
||
| 336 | _atext | ||
| 337 | _aunmediated | ||
| 338 | _avolume | ||
| 504 | _aIncludes bibliographical references (p. 129-151) and index. | ||
| 505 | _aIntroduction. A postcolonial preamble ; Searching for roots ; "Resident alien": displacement(s) ; Complex route/deep roots ; Argument of the book ; Mapping this book Identity out of place. Out of place ; Essentialism of trial ; Politics of home ; Feminist, postcolonial identity - toward Jeong Han and Jeong. Psychoanalysis of Han and Jeong ; Tales of Jeong ; Translated translator ; Joint security area: life and struggle at the DMZ ; Sa-I-Gu: life and struggle in the L.A. riots Postcolonial theory and Korean American theology. Alien/nation ; Identity as a "sweeping force" ; Hybridity ; Mimicry ; Interstitial third space ; Debating "postcolonialism" The crucified God : the way of Jeong. Violent undertones and radical solidarity ; Jurgen Moltmann's The Crucified God and Trinitarian Christology ; Emancipatory praxis of Jeong A Christology of Jeong. Destabilizing the patriarchal divinity ; Han/sin and Jeong/salvation ; The powers of Jeong and the horrors of Han ; Julia Kristev's abjection and love A christology of Jeong Conclusion: Heart of the cross | ||
| 600 | 0 | 0 |
_aJesus Christ _xPerson and offices. |
| 650 | 0 |
_aKorean Americans _xReligion. |
|
| 650 | 0 | _aPostcolonialism. | |
| 942 |
_2lcc _cBK |
||
| 999 |
_c52297 _d52297 |
||